000
00338nam a22001457a 4500
008
221118b ||||| |||| 00| 0 eng d
020
_a
0691082391
041
_a
eng
080
_a
159.9
082
_a
159.9 PEE
100
_a
25
101
_a
PSI
245
_a
THE LARGE SCALE STRUCTURE OF THE UNIVERSE
_c
PEEBLES P.J
942
_2
udc
_c
BK
999
_c
58939
_d
58939